50 meilleurs rappeurs français en 2025 - Statistiques

Statistiques générales
  • Ce quiz a été pris 804 fois
  • Le résultat moyen est 13 sur 65
Statistiques - réponses
Hint Réponse % Correct
49 Jul
89%
6 Ninho
81%
10 Booba
72%
1 SCH
68%
11 Gims
66%
46 Niska
64%
7 SDM
60%
5 Damso
59%
53 PNL
59%
8 Werenoi
56%
52 PLK
55%
12 Kaaris
54%
40 Hamza
41%
37 Nekfeu
36%
50 Maes
29%
4 Vald
29%
17 Lacrim
26%
24 La Fouine
24%
56 Josman
23%
15 Freeze Corleone
22%
26 Ziak
19%
45 Kalash Criminel
18%
59 Soso Maness
18%
38 Gradur
17%
65 MHD
17%
55 Rim'K
16%
62 Shay
16%
27 TH
16%
16 Alpha Wann
15%
32 Dinos
14%
36 Laylow
13%
31 Da Uzi
10%
28 La fève
10%
19 Jolagreen
8%
14 Népal
8%
60 Ven1
8%
42 Zamdane
8%
39 Green Montana
7%
13 Luv Resval
7%
58 So La Lune
7%
34 Dosseh
6%
2 Houdi
6%
35 Menace Santana
6%
9 Sadek
6%
54 Vacra
6%
23 Kekra
5%
48 Luther
5%
3 TIF
5%
30 B.B.Jacques
3%
41 Jazzy Bazz
3%
47 Lesram
3%
57 Limsa
3%
44 Ben PLG
2%
21 Deen Burbigo
2%
51 Doums
2%
64 ISHA
2%
43 Wallace Cleaver
2%
29 Yvnnis
2%
63 Caballero et JeanJass
1%
22 Edge
1%
25 Zeu
1%
61 Adèle Castillon
0%
33 Diddi Trix
0%
20 Ratus
0%
18 Skefre
0%
Aucun quiz correspondant
Distribution des résultats
% des personnes avec chaque résultat
Percentile par nombre de réponses
Votre historique - résultats
Vous n’avez pas pris ce quiz